000 00685nam a2200181 a 4500
008 081105s1993 ||||||||||||||||| || u
020 _a0821326260
050 _aIBRD(08)SET
100 _aFong, Monica S
245 1 4 _aThe role of women in rebuilding the Russian economy
260 _aWashington, D.C.
_bWorld Bank
_c1993
300 _aviii, 50p.:ill.
350 _a0.00
490 _aStudies of Economies in Transformation Papers
650 _aWOMEN--RUSSIA (FEDERATION)--ECONOMIC CONDITIONS
710 _aWorld Bank
995 _D0.00
_FCBU-MAIN LIBRARY (Kitwe)
_H1
_I0.00
_M10
_UAVAILABLE
_WNov 5, 2008
_ZInternational Publications
999 _c56723
_d56723